<?xml version="1.0" encoding="UTF-8"?><?xml-stylesheet type="text/xsl" href="static/style.xsl"?><OAI-PMH xmlns="http://www.openarchives.org/OAI/2.0/" xmlns:xsi="http://www.w3.org/2001/XMLSchema-instance" xsi:schemaLocation="http://www.openarchives.org/OAI/2.0/ http://www.openarchives.org/OAI/2.0/OAI-PMH.xsd"><responseDate>2026-04-28T19:42:53Z</responseDate><request verb="GetRecord" identifier="oai:uvadoc.uva.es:10324/31352" metadataPrefix="marc">https://uvadoc.uva.es/oai/request</request><GetRecord><record><header><identifier>oai:uvadoc.uva.es:10324/31352</identifier><datestamp>2021-06-24T07:24:31Z</datestamp><setSpec>com_10324_23459</setSpec><setSpec>com_10324_954</setSpec><setSpec>com_10324_894</setSpec><setSpec>col_10324_23462</setSpec></header><metadata><record xmlns="http://www.loc.gov/MARC21/slim" xmlns:doc="http://www.lyncode.com/xoai" xmlns:xsi="http://www.w3.org/2001/XMLSchema-instance" xmlns:dcterms="http://purl.org/dc/terms/" xsi:schemaLocation="http://www.loc.gov/MARC21/slim http://www.loc.gov/standards/marcxml/schema/MARC21slim.xsd">
<leader>00925njm 22002777a 4500</leader>
<datafield tag="042" ind1=" " ind2=" ">
<subfield code="a">dc</subfield>
</datafield>
<datafield tag="720" ind1=" " ind2=" ">
<subfield code="a">Gómez Peña, Carlos</subfield>
<subfield code="e">author</subfield>
</datafield>
<datafield tag="720" ind1=" " ind2=" ">
<subfield code="a">Vaquerizo Villar, Fernando</subfield>
<subfield code="e">author</subfield>
</datafield>
<datafield tag="720" ind1=" " ind2=" ">
<subfield code="a">Poza Crespo, Jesús</subfield>
<subfield code="e">author</subfield>
</datafield>
<datafield tag="720" ind1=" " ind2=" ">
<subfield code="a">Ruiz Gómez, Saúl José</subfield>
<subfield code="e">author</subfield>
</datafield>
<datafield tag="720" ind1=" " ind2=" ">
<subfield code="a">Tola Arribas, Miguel Ángel</subfield>
<subfield code="e">author</subfield>
</datafield>
<datafield tag="720" ind1=" " ind2=" ">
<subfield code="a">Cano, Mónica</subfield>
<subfield code="e">author</subfield>
</datafield>
<datafield tag="720" ind1=" " ind2=" ">
<subfield code="a">Hornero Sánchez, Roberto</subfield>
<subfield code="e">author</subfield>
</datafield>
<datafield tag="260" ind1=" " ind2=" ">
<subfield code="c">2017</subfield>
</datafield>
<datafield tag="520" ind1=" " ind2=" ">
<subfield code="a">Dementia due to Alzheimer’s disease (AD) is a&#xd;
common disorder with a great impact on the patients’ quality&#xd;
of life. The aim of this pilot study was to characterize&#xd;
spontaneous electroencephalography (EEG) activity in&#xd;
dementia due to AD using bispectral analysis. Five minutes of&#xd;
EEG activity were recorded from 17 patients with moderate&#xd;
dementia due to AD and 19 age-matched controls. Bispectrum&#xd;
results revealed that AD patients are characterized by an&#xd;
increase of phase coupling at low frequencies in comparison&#xd;
with controls. Additionally, some bispectral features calculated&#xd;
from the bispectrum showed significant differences between&#xd;
both groups (p &lt; 0.05, Mann-Whitney U test with Bonferroni’s&#xd;
correction). Finally, a stepwise logistic regression analysis with&#xd;
a leave-one-out cross-validation procedure was used for&#xd;
classification purposes. An accuracy of 86.11% (sensitivity =&#xd;
88.24%; specificity =84.21%) was achieved. This study suggests&#xd;
the usefulness of bispectral analysis to provide further insights&#xd;
into the underlying brain dynamics associated with AD</subfield>
</datafield>
<datafield tag="024" ind2=" " ind1="8">
<subfield code="a">978-1-5090-2809-2</subfield>
</datafield>
<datafield tag="024" ind2=" " ind1="8">
<subfield code="a">http://uvadoc.uva.es/handle/10324/31352</subfield>
</datafield>
<datafield tag="245" ind1="0" ind2="0">
<subfield code="a">Bispectral Analysis of Spontaneous EEG Activity from Patients with Moderate Dementia Due to Alzheimer’s Disease</subfield>
</datafield>
</record></metadata></record></GetRecord></OAI-PMH>